A quelle ville se rapporte ces mots 2 ? (la suite...) - Statistiques

Statistiques générales
  • Ce quiz a été pris 255 fois
  • Le résultat moyen est 12 sur 15
Statistiques - réponses
Mots indices Réponse % Correct
Parlement Européen, saucisse, Alsace Strasbourg
98%
Acropole, Platon, Parthénon Athènes
97%
Colisée, Basilique ST Pierre, Jules César Rome
97%
Gondole, Carnaval, Basilic Saint Marc Venise
92%
Hollywood, Lakers, Walk of Fame Los Angeles
91%
Beattles, Anfield, Lancashire Liverpool
90%
Citée des papes, Pont, Provence Avignon
81%
Emirat, Burj Khalifa, Mall of the Emirates Dubaï
80%
Petite sirène, Chateau de Rosenborg, Palais d'Amalienborg Copenhague
78%
Ecosse, Celtic ou Rangers, Scottish opéra Glasgow
76%
NASA, Texas, Rockets Houston
70%
Bollywood, anciennement Bombay, Gateway Of India Mumbai
70%
Léopoldville, Zaïre, Maitre Gims Kinshasa
59%
Prison, Cuba, Bush Guantanamo
50%
Capital, Plaza de Mayo, Cimetière de Recoleta Buenos Aires
39%
Aucun quiz correspondant
Distribution des résultats
% des personnes avec chaque résultat
Percentile par nombre de réponses
Votre historique - résultats
Vous n’avez pas pris ce quiz